Responses for Show #3790 - Friday, February 9, 2001

2001 Celebrity Jeopardy! game 5.
From the Las Vegas Hilton.
First show to feature the 2001-2008 theme.

Contestants

[<< previous game]

Steven Page, a singer-songwriter from Barenaked Ladies

Brandi Chastain, a professional soccer player from the U.S. Olympic Women's Soccer Team

Seth Green, an actor from Austin Powers: The Spy Who Shagged Me

[next game >>]

Jeopardy! Round responses

1900
FOREIGN WORDS & PHRASES
THE EMMYS
YOU NEED SOME MAKE-UP
CELEBRITY SLOT MACHINES
(Alex: So I hope you've been around the casinos!)
"YO"!
    $100 14
a submarine

Steven
    $100 1
house

Seth
    $100 9
The Practice

Brandi
    $100 19
Dick Clark

Seth
    $100 6
Yogi Bear

Seth
    $200 15
a leap year

Steven
    $200 2
thank you

Brandi
    $200 10
(Brandi: Who is Kelsey Grammer, oh, no, no, no, uh, uh, what's his name?)
(Alex: Oh, you took too much time.)

Niles Crane

SethBrandi
    $200 22
Jimi Hendrix

Seth
    $200 7
yogurt

Seth
    $300 16
(Seth: What is a tornado?)
...
(Alex: Yes, a little different from a tornado.)
(Brandi: Thank you, Seth.)

a hurricane

SethBrandi
    $300 3
schmaltz

Steven
    $300 11
The Simpsons

Steven
    $300 23
I Dream of Jeannie

Brandi
    $300 8
Yosemite

Steven
    $400 17
(Brandi: I'm going to go with "What is [*]?" Yes! You can. [Claps])
[Applause]

Italy

Brandi
    $400 4
(Brandi: Oh, goodness, what is Norwegian?)
(Seth: What is, uh, Danish?)

Russia

SethBrandi
Triple Stumper
    $400 12
(Steven: What is World War I?)
...
(Alex: It was a great series about [*].)

the Civil War

Steven
Triple Stumper
    $400 24
the Munsters

Seth
    $500 20
(Seth: Can I just answer? Who is Yurick?)
(Alex: [*]?)
(Seth: [*], yeah.)
(Alex: That's your pronunciation.)

Yorick

Seth
    $500 18
a mosquito

Seth
    $500 5
(Alex: You've been in some Finnish bars!)

"May I have your phone number?"

Seth
    $500 13
(Alex: That was the pilot episode for the very popular [*], [*]. Seth, you knew that!)
(Seth: Yeah.)
(Alex: But you didn't ring in.)
(Seth: No.)
(Alex: So you didn't win any money.)
(Seth: I know.)
(Alex: So suffer!)

Murphy Brown

Triple Stumper
    $500 25
(Brandi: Oh yes, I know this, who is…)
(Alex: Oh, not quickly enough.)
...
[The end-of-round signal sounds.]

the Sex Pistols

SethBrandi
    $500 21
Yonkers

Seth

Scores at the first commercial break (after clue 13):

Seth Brandi Steven
$700 -$300 $500

Scores at the end of the Jeopardy! Round:

Seth Brandi Steven
$3,100 $200 $800

Double Jeopardy! Round responses

BEATING THE ODDS
(Alex: How appropriate for Las Vegas!)
GONE BUT NOT FORGOTTEN
RIDING I-10
THE BAR EXAM
THAT '70s SHOW
PRETTY PICTURES
    $200 6
(Alex: Another Steven who's done well.)

Stevie Wonder

Steven
    $200 11
Charles Schulz

Seth
    $200 1
the Mona Lisa

Brandi
    $400 7
Helen Keller

Steven
    $400 25
[The end-of-round signal sounds.]

Liberace

Seth
    $400 20
tap

Brandi
    $400 2
(Seth: What is [*]'s mother?)
(Alex: Yeah, [*].)
(Seth: Yes, yeah, who is [*]?)

(James) Whistler

Seth
    $600 8
Marlee Matlin

Seth
    $1,000 24
(Seth: Who is Twiggy?)

Audrey Hepburn

Seth
    $600 16
New Mexico

Seth
    $600 17
last call

Seth
    $600 21
The Mary Tyler Moore Show

Steven
    $700 3
Picasso

Seth
    $800 9
his left foot

Seth
    $800 12
(Steven: Whew!)

Allan Carr

Steven
    $800 15
San Antonio

Brandi
    $800 18
a snifter

Brandi
    $800 22
Hart to Hart

Seth
    $800 4
Paris

Brandi
    $1000 10
Kirk Douglas

Steven
    $1000 13
Shepard

Brandi
    $1000 14
(Seth: What is Fort Lauderdale?)

Jacksonville

SethBrandi
    $1000 19
tongs

Brandi
    $1000 23
(Seth: What is Starsky and Hutch?)
(Steven: What is The Rookies?)
[Brandi whistles.]

Adam-12

SethSteven
Triple Stumper
    $1000 5
(Brandi: I'll go for it. Who is Renoir?)
(Steven: Who is Matisse?)
[Brandi pats Steven on the back.]
...
(Alex: Seth is not going to ring in.)
(Brandi: Chicken!)

Edgar Degas

BrandiSteven
Triple Stumper

Scores at the end of the Double Jeopardy! Round:

Seth Brandi Steven
$5,200 $5,200 $1,800

[wagering suggestions for these scores]

Final Jeopardy! Round responses

CHILDREN'S LITERATURE
(Steven: That was supposed to be "There once was a man from Nantucket". Alex, my self-esteem is at an all-time low right now, can I leave now?)
(Alex: No, but it's obvious that CHILDREN'S LITERATURE has a different meaning for you than for anybody else.)
...
(Alex: Will somebody win this with $1?)
(Seth: What is I have no idea I thought I was so smart. Hi Chad.)
(Alex: It was CHILDREN'S LITERATURE.
It cost you everything. Brandi is the winner with $1!)
StevenWhat is "There once was a man from Na…"
$1,800
BrandiWhat is
$5,199
SethWhat is I have no idea I thought I was so smart
$5,200
"Mary had a little lamb"

Final scores:

Seth Brandi Steven
$0 $1 $0
2nd place: $10,000 for Turning Point Transitional Housing Winner: $15,000 for the Children's Cancer Research Fund 3rd place: $10,000 for Seeds of Peace

Game dynamics:

Coryat scores:

Seth Brandi Steven
$6,000 $5,200 $1,800
21 R
(including 2 DDs),
5 W
(including 1 DD)
13 R,
4 W
10 R,
3 W

Combined Coryat: $13,000

[game clues] [game scores] [suggest correction]

Game tape date: 2001-01-23
The J! Archive is created by fans, for fans. Scraping, republication, monetization, and malicious use prohibited; this site may use cookies and collect identifying information. See terms. The Jeopardy! game show and all elements thereof, including but not limited to copyright and trademark thereto, are the property of Jeopardy Productions, Inc. and are protected under law. This website is not affiliated with, sponsored by, or operated by Jeopardy Productions, Inc. Join the discussion at JBoard.tv.